[Event "Treviso op-A 3rd"]
[Site "Treviso"]
[Date "2019.03.29"]
[Round "1.13"]
[White "Candian, Lorenzo"]
[Black "Bettio, Umberto"]
[Result "1-0"]
[WhiteElo "1749"]
[BlackElo "1861"]
[PlyCount "79"]
[EventDate "2019.03.29"]
[EventType "swiss"]
[EventRounds "5"]
[EventCountry "ITA"]
[SourceTitle "EXT 2024"]
[Source "ChessBase"]
[SourceDate "2023.10.10"]
[SourceVersion "1"]
[SourceVersionDate "2023.10.10"]
[SourceQuality "1"]

1. c4 e6 2. Nc3 d5 3. d4 Nf6 4. Nf3 Be7 5. g3 0-0 6. Bg2 c6 7. 0-0 Nbd7 8. b3 b6 9. cxd5 exd5 10. Bb2 Bb7 11. Ne5 Bd6 12. f4 Qe7 13. e4 Bb4 14. exd5 Bxc3 15. dxc6 Bxb2 16. cxb7 Rae8 17. Rb1 Ba3 18. Qd3 Bd6 19. Rbd1 Nb8 20. Rfe1 Qd8 21. Rc1 Bxe5 22. fxe5 Ng4 23. Qd1 Qg5 24. h4 Qg6 25. Be4 f5 26. Bd5+ Kh8 27. Bf3 h5 28. Qd2 f4 29. Be4 Qh6 30. gxf4 Rxf4 31. Rc8 Ref8 32. Rxf8+ Rxf8 33. Qxh6+ gxh6 34. e6 Kg7 35. d5 Re8 36. Rf1 Nf6 37. Bg2 Na6 38. Rc1 Nc5 39. b4 Na6 40. Rc8 1-0

[Event "Treviso WE op 28th"]
[Site "Treviso"]
[Date "2004.12.08"]
[Round "5.15"]
[White "Reginato, Sabrina"]
[Black "Bettio, Umberto"]
[Result "0-1"]
[WhiteElo "1622"]
[BlackElo "1885"]
[PlyCount "62"]
[EventDate "2004.12.04"]
[EventType "swiss"]
[EventCountry "ITA"]
[SourceTitle "EXT 2024"]
[Source "ChessBase"]
[SourceDate "2023.10.10"]
[SourceVersion "1"]
[SourceVersionDate "2023.10.10"]
[SourceQuality "1"]

1. e4 e6 2. d4 d5 3. e5 c5 4. c3 Nc6 5. Ne2 Nge7 6. Nd2 Ng6 7. g3 Be7 8. Bh3 0-0 9. 0-0 f5 10. exf6 Rxf6 11. a3 e5 12. Bxc8 Rxc8 13. dxe5 Ncxe5 14. Qc2 Qd7 15. f4 Ng4 16. Nf3 d4 17. cxd4 cxd4 18. Qb3+ Kh8 19. Kg2 d3 20. Ned4 Re8 21. h3 Bc5 22. f5 Bxd4 23. hxg4 Ne5 24. Bf4 Rb6 25. Qd1 Rxb2+ 26. Kh3 Nxf3 27. Rxf3 Ree2 28. Qh1 Rh2+ 29. Qxh2 Rxh2+ 30. Kxh2 Bxa1 31. Rf2 Bc3 0-1

[Event "Caorle op-B"]
[Site "Caorle"]
[Date "1991.07.10"]
[Round "5.29"]
[White "Bettio, Umberto"]
[Black "Zangrando, Gianpietro"]
[Result "1-0"]
[WhiteElo "1830"]
[BlackElo "1749"]
[PlyCount "101"]
[EventDate "1991.07.05"]
[EventType "swiss"]
[EventRounds "8"]
[EventCountry "ITA"]
[SourceTitle "EXT 2023"]
[Source "ChessBase"]
[SourceDate "2022.10.05"]
[SourceVersion "1"]
[SourceVersionDate "2022.10.05"]
[SourceQuality "1"]

1. e4 e6 2. d4 d5 3. Nc3 Bb4 4. e5 c5 5. a3 Bxc3+ 6. bxc3 Nc6 7. Nf3 Qc7 8. a4 Bd7 9. Ba3 cxd4 10. cxd4 Qa5+ 11. Qd2 Qxd2+ 12. Kxd2 Nge7 13. Bd3 Na5 14. g4 Rc8 15. Rhb1 Bc6 16. Bc5 Nc4+ 17. Kd1 b6 18. Bb4 Kd7 19. Nd2 h5 20. g5 Ba8 21. a5 b5 22. Bxe7 Kxe7 23. Rxb5 a6 24. Rb4 Rhd8 25. Bxc4 dxc4 26. c3 Bd5 27. Ke2 f6 28. gxf6+ gxf6 29. f4 Rg8 30. Rf1 Rg2+ 31. Rf2 Rgg8 32. exf6+ Kxf6 33. Rb6 Ra8 34. f5 Ke7 35. f6+ Kf7 36. Nf3 Bxf3+ 37. Rxf3 Rg5 38. Rb7+ Kg6 39. Re7 Rxa5 40. f7 Rf8 41. Rxe6+ Kg7 42. Rc6 Rxf7 43. Rxf7+ Kxf7 44. Rxc4 Ra2+ 45. Kd3 Rxh2 46. Ra4 Rh3+ 47. Kc4 h4 48. Rxa6 Kg7 49. d5 Rf3 50. d6 Rf6 51. d7 1-0

[Event "Caorle op-B"]
[Site "Caorle"]
[Date "1991.07.08"]
[Round "3.34"]
[White "Bettio, Umberto"]
[Black "Ventura, Paolo"]
[Result "1/2-1/2"]
[WhiteElo "1830"]
[BlackElo "1762"]
[PlyCount "117"]
[EventDate "1991.07.05"]
[EventType "swiss"]
[EventRounds "8"]
[EventCountry "ITA"]
[SourceTitle "EXT 2023"]
[Source "ChessBase"]
[SourceDate "2022.10.05"]
[SourceVersion "1"]
[SourceVersionDate "2022.10.05"]
[SourceQuality "1"]

1. e4 c5 2. Nf3 e6 3. d4 cxd4 4. Nxd4 Nc6 5. Be2 Nge7 6. c4 Nxd4 7. Qxd4 Nc6 8. Qd1 Bb4+ 9. Bd2 Bxd2+ 10. Qxd2 0-0 11. 0-0 f5 12. Nc3 fxe4 13. Nxe4 d5 14. cxd5 Qxd5 15. Qxd5 exd5 16. Nc3 Be6 17. Rad1 Rfd8 18. Nb5 Rac8 19. Rfe1 a6 20. Bd3 Kf7 21. Nc3 g6 22. a3 Kf6 23. h3 Ne5 24. Ne2 Nxd3 25. Rxd3 Rc2 26. Nd4 Bf5 27. Rf3 Rd2 28. Nb3 Rd3 29. Ree3 Rxe3 30. fxe3 Ke5 31. Nd4 Rd7 32. g4 Be4 33. Rf8 Re7 34. Kf2 Bh1 35. h4 Ke4 36. Kg1 Kxe3 37. Nc2+ Kd2 38. Rf2+ Kc1 39. Kxh1 Kxb2 40. Nb4+ Kxa3 41. Nxd5 Rd7 42. Nb6 Rd4 43. Rg2 h5 44. Kh2 hxg4 45. Kg3 a5 46. Re2 Kb3 47. Re3+ Kb4 48. Re7 Kc5 49. Nd7+ Kd6 50. Rg7 a4 51. Nb6 a3 52. Rxb7 Kc6 53. Ra7 Rd3+ 54. Kxg4 Kxb6 55. Ra8 Kb5 56. Kg5 Rg3+ 57. Kf4 Rh3 58. Kg4 Rc3 59. Kg5 1/2-1/2